| 000 | 00415nam a2200157Ia 4500 | ||
|---|---|---|---|
| 003 | GCL | ||
| 008 | 140319s9999 xx 000 0 eng d | ||
| 040 |
_aGCL / _cGCL |
||
| 082 | 0 | 4 |
_a708 _bB M |
| 245 | 1 | 0 | _aMANUSCRIPTS MUSEUM & SPECIALIZED READING ROOMS |
| 260 |
_aالقاهرة : _bBIBLIOTHECA ALEXANDRINE ، _c2002 |
||
| 300 |
_a22 CM ؛ _c23 P |
||
| 650 | 0 | 4 | _aMUSEUMS |
| 650 | 0 | 4 | _aMANUSCRIPTS |
| 942 |
_2ddc _cBK |
||
| 999 |
_c5764 _d5764 |
||